Welcome to CU Library Online Public Access Catalogue (OPAC)

The Bible knowledge commentary : (Record no. 7157)

MARC details
000 -LEADER
fixed length control field 00748cam a2200229 a 4500
001 - CONTROL NUMBER
control field 1880179
005 - DATE AND TIME OF LATEST TRANSACTION
control field 20250725085647.0
008 - FIXED-LENGTH DATA ELEMENTS--GENERAL INFORMATION
fixed length control field 831102m19831985ilua 000 0 eng
020 ## - INTERNATIONAL STANDARD BOOK NUMBER
International Standard Book Number 0882078127
Qualifying information v. 1
020 ## - INTERNATIONAL STANDARD BOOK NUMBER
International Standard Book Number 0882078135
Qualifying information v. 2
020 ## - INTERNATIONAL STANDARD BOOK NUMBER
International Standard Book Number 9780882078120
Qualifying information (v. 1)
020 ## - INTERNATIONAL STANDARD BOOK NUMBER
International Standard Book Number 9780882078137
Qualifying information (v. 2)
050 00 - LIBRARY OF CONGRESS CALL NUMBER
Classification number BS491.2
Item number .B48 1983
082 00 - DEWEY DECIMAL CLASSIFICATION NUMBER
Classification number 225/.7
Edition information 19
245 04 - TITLE STATEMENT
Title The Bible knowledge commentary :
Remainder of title an exposition of the scriptures /
Statement of responsibility, etc. by Dallas Seminary faculty ; editors, John F. Walvoord, Roy B. Zuck.
260 ## - PUBLICATION, DISTRIBUTION, ETC.
Place of publication, distribution, etc. Wheaton, Ill. :
Name of publisher, distributor, etc. Victor Books,
Date of publication, distribution, etc. c1983-c1985.
300 ## - PHYSICAL DESCRIPTION
Extent 2 v. :
Other physical details ill. ;
Dimensions 25 cm.
700 1# - ADDED ENTRY--PERSONAL NAME
Personal name Walvoord, John F.
700 1# - ADDED ENTRY--PERSONAL NAME
Personal name Zuck, Roy B.
710 2# - ADDED ENTRY--CORPORATE NAME
Corporate name or jurisdiction name as entry element Dallas Theological Seminary.
942 ## - ADDED ENTRY ELEMENTS (KOHA)
Source of classification or shelving scheme Library of Congress Classification
Koha item type Books
Suppress in OPAC No
999 ## -
-- 7157
-- 7157
Holdings
Withdrawn status Lost status Source of classification or shelving scheme Damaged status Not for loan Collection Home library Current library Shelving location Date acquired Total checkouts Full call number Barcode Date last seen Copy number Price effective from Koha item type
    Library of Congress Classification     Reference Undergraduate Library (Christ Temple) Undergraduate Library (Christ Temple) General stacks 07/25/2025   REF BS1151.2 BIB ulct00004145 07/25/2025 1 07/25/2025 Books
© 2023-2024 Copyright: Central University Libraries. All Rights Reserved | Created by: Mahone Tech Office